| 000 -LEADER |
| fixed length control field |
02084nam a2200277 a 4500 |
| 001 - CONTROL NUMBER |
| control field |
ASIN0230709427 |
| 005 - DATE AND TIME OF LATEST TRANSACTION |
| control field |
20170105102925.0 |
| 008 - FIXED-LENGTH DATA ELEMENTS--GENERAL INFORMATION |
| fixed length control field |
131211s2009 xxu eng d |
| 020 ## - INTERNATIONAL STANDARD BOOK NUMBER |
| International Standard Book Number |
0230709427 (hardcover) |
| Terms of availability |
$34.95 |
| 020 ## - INTERNATIONAL STANDARD BOOK NUMBER |
| International Standard Book Number |
9780230709423 (hardcover) |
| 040 ## - CATALOGING SOURCE |
| Original cataloging agency |
0 |
| 050 04 - LIBRARY OF CONGRESS CALL NUMBER |
| Classification number |
DA566 |
| 082 04 - DEWEY DECIMAL CLASSIFICATION NUMBER |
| Classification number |
941.082 |
| Author Mark |
MAR 2009 |
| 100 1# - MAIN ENTRY--PERSONAL NAME |
| Personal name |
Marr, Andrew. |
| 245 14 - TITLE STATEMENT |
| Title |
The making of modern britain / |
| Statement of responsibility, etc. |
Andrew Marr. |
| 250 ## - EDITION STATEMENT |
| Edition statement |
Ill ed. |
| 260 ## - PUBLICATION, DISTRIBUTION, ETC. |
| Place of publication, distribution, etc. |
[S.l.] : |
| Name of publisher, distributor, etc. |
Pan Macmillan, |
| Date of publication, distribution, etc. |
2009. |
| 300 ## - PHYSICAL DESCRIPTION |
| Extent |
464 p. ; |
| Dimensions |
25 cm. |
| 520 ## - SUMMARY, ETC. |
| Summary, etc. |
In The Making of Modern Britain , Andrew Marr paints a fascinating portrait of life in Britain during the first half of the twentieth century as the country recovered from the grand wreckage of the British Empire. Between the death of Queen Victoria and the end of the Second World War, the nation was shaken by war and peace. The two wars were the worst we had ever known and the episodes of peace among the most turbulent and surprising. As the political forum moved from Edwardian smoking rooms to an increasingly democratic Westminster, the people of Britain experimented with extreme ideas as they struggled to answer the question "How should we live?" Socialism? Fascism? Feminism? Meanwhile, fads such as eugenics, vegetarianism, and nudism were gripping the nation, while the popularity of the music hall soared. It was also a time that witnessed the birth of the media as we know it today and the beginnings of the welfare state. Beyond trenches, flappers, and Spitfires, this is a story of strange cults and economic madness, of revolutionaries and heroic inventors, sexual experiments and raucous stage heroines. From organic food to drugs, nightclubs and celebrities to package holidays, crooked bankers to sleazy politicians, the echoes of today's Britain ring from almost every page. |
| 650 #0 - SUBJECT ADDED ENTRY--TOPICAL TERM |
| Topical term or geographic name entry element |
Great Britain |
| 650 #0 - SUBJECT ADDED ENTRY--TOPICAL TERM |
| Topical term or geographic name entry element |
Manners and customs |
| 650 #0 - SUBJECT ADDED ENTRY--TOPICAL TERM |
| Topical term or geographic name entry element |
Political science |
| 650 #0 - SUBJECT ADDED ENTRY--TOPICAL TERM |
| Topical term or geographic name entry element |
Social history |
| 856 40 - ELECTRONIC LOCATION AND ACCESS |
| Materials specified |
Amazon.com |
| Uniform Resource Identifier |
<a href="http://www.amazon.com/exec/obidos/ASIN/0230709427/chopaconline-20">http://www.amazon.com/exec/obidos/ASIN/0230709427/chopaconline-20</a> |
| 942 ## - ADDED ENTRY ELEMENTS (KOHA) |
| Source of classification or shelving scheme |
|
| Koha item type |
Book |